Public Service Integrity Programme : (Record no. 774)

MARC details
000 -LEADER
fixed length control field 01112cam a22003135a 4500
001 - CONTROL NUMBER
control field 12987167
003 - CONTROL NUMBER IDENTIFIER
control field OSt
005 - DATE AND TIME OF LATEST TRANSACTION
control field 20230607090651.0
008 - FIXED-LENGTH DATA ELEMENTS--GENERAL INFORMATION
fixed length control field 020718s2002 ke f000 0 eng
010 ## - LIBRARY OF CONGRESS CONTROL NUMBER
LC control number 2002345081
035 ## - SYSTEM CONTROL NUMBER
System control number (DLC) 2002345081
040 ## - CATALOGING SOURCE
Original cataloging agency DLC
Transcribing agency DLC
Modifying agency DLC
042 ## - AUTHENTICATION CODE
Authentication code lcode
043 ## - GEOGRAPHIC AREA CODE
Geographic area code f-ke---
050 00 - LIBRARY OF CONGRESS CALL NUMBER
Classification number JQ2947.A56
Item number E85 2002
082 00 - DEWEY DECIMAL CLASSIFICATION NUMBER
Classification number 172/.2
Edition number 22
110 1# - MAIN ENTRY--CORPORATE NAME
Corporate name or jurisdiction name as entry element Kenya.
245 10 - TITLE STATEMENT
Title Public Service Integrity Programme :
Remainder of title a source book for corruption prevention in the public service /
Statement of responsibility, etc. Republic of Kenya, Office of the President.
260 ## - PUBLICATION, DISTRIBUTION, ETC. (IMPRINT)
Place of publication, distribution, etc. Nairobi :
Name of publisher, distributor, etc. Directorate of Personnel Management :
-- Anti-Corruption Police Unit,
Date of publication, distribution, etc. c2002.
300 ## - PHYSICAL DESCRIPTION
Extent xv, 142 p. ;
Dimensions 30 cm.
500 ## - GENERAL NOTE
General note "March, 2002."
650 #0 - SUBJECT ADDED ENTRY--TOPICAL TERM
Topical term or geographic name as entry element Civil service ethics
Geographic subdivision Kenya.
650 #0 - SUBJECT ADDED ENTRY--TOPICAL TERM
Topical term or geographic name as entry element Local officials and employees
General subdivision Professional ethics
Geographic subdivision Kenya.
710 1# - ADDED ENTRY--CORPORATE NAME
Corporate name or jurisdiction name as entry element Kenya.
Subordinate unit Directorate of Personnel Management.
710 1# - ADDED ENTRY--CORPORATE NAME
Corporate name or jurisdiction name as entry element Kenya.
Subordinate unit Anti-Corruption Police Unit.
906 ## - LOCAL DATA ELEMENT F, LDF (RLIN)
a 7
b ibc
c origode
d 3
e ncip
f 20
g y-gencatlg
942 ## - ADDED ENTRY ELEMENTS (KOHA)
Source of classification or shelving scheme Dewey Decimal Classification
Koha item type Books
Holdings
Withdrawn status Lost status Source of classification or shelving scheme Damaged status Not for loan Home library Current library Date acquired Total Checkouts Full call number Barcode Date last seen Price effective from Koha item type
    Dewey Decimal Classification     Bunge Tower Library Bunge Tower Library 06/07/2023   364.1323 KEN 10014349 06/07/2023 06/07/2023 Books
    Dewey Decimal Classification     County Hall Archives County Hall Archives 07/04/2023   364.13 KEN 10007793 07/04/2023 07/04/2023 Books
    Dewey Decimal Classification     County Hall Archives County Hall Archives 07/04/2023   364.13 KEN 10007795 07/04/2023 07/04/2023 Books
    Dewey Decimal Classification     County Hall Archives County Hall Archives 07/04/2023   364.13 KEN 10007796 07/04/2023 07/04/2023 Books
    Dewey Decimal Classification     County Hall Archives County Hall Archives 07/04/2023   364.13 KEN 10007794 07/04/2023 07/04/2023 Books
    Dewey Decimal Classification     County Hall Archives County Hall Archives 07/04/2023   364.13 KEN 10007791 07/04/2023 07/04/2023 Books
    Dewey Decimal Classification     County Hall Archives County Hall Archives 07/04/2023   364.13 KEN 10007792 07/04/2023 07/04/2023 Books
LIBRARY OPENING HOURS

When the Parliament is sitting: 8.00a.m - 7.00p.m or until the house adjourns
Mondays and Fridays and when the House is on Recess:  8.00a.m - 5.00p.m
Closed on Weekends and Public Holidays

Online Public Access Catalog (OPAC)
Website: http://www.parliament.go.ke
Bunge Library: https://libraryir.parliament.go.ke
Contact: library@parliament.go.ke | Tel no: (254-2)2221291 or 2848000 Ext 5043